| 000 | 00496cam a22002051 4500 | ||
|---|---|---|---|
| 001 | sa 67005634 | ||
| 003 | DLC | ||
| 005 | 20260227112359.0 | ||
| 008 | 890717s1966 ii 000 1 beno | ||
| 010 | _asa 67005634 | ||
| 035 | _a(OCoLC)20023728 | ||
| 040 |
_aDLC _cWaU _dDLC |
||
| 050 | 0 | 0 |
_aPK1718.R59 _bA64 |
| 100 | 1 |
_aRoy, Dilip Kumar, _d1897-1980. |
|
| 245 | 1 | 0 | _aAghaṭanera pūrbarāga. |
| 260 | _c[1966] | ||
| 300 |
_a291 p. _c22 cm. |
||
| 500 | _aIn Bengali. | ||
| 500 | _aA novel. | ||
| 999 |
_c75328 _d75328 |
||